【E26】近畿道と交差する鉄道路線 - Statistics

General Stats
  • This quiz has been taken 87 times
    77 since last reset
  • The average score is 13 of 17
Answer Stats
路線 交差区間 % Correct
JR京都線 千里丘〜茨木
90%
京阪本線 西三荘〜門真市
89%
近鉄大阪線 弥刀〜久宝寺
89%
JR阪和線 和泉鳥取〜山中渓〜紀伊
89%
阪急京都線 南茨木〜茨木市
87%
近鉄奈良線 八戸ノ里〜若江岩田
86%
大阪モノレール線 南茨木〜沢良宜
84%
南海高野線 荻原天神〜北野田
81%
JR大和路線 加美〜久宝寺
79%
近鉄南大阪線 河内松原〜恵我ノ荘
78%
東海道新幹線 新大阪〜京都
76%
大阪メトロ谷町線 大日出戸〜長原〜八尾南
75%
近鉄けいはんな線 長田〜荒本
75%
おおさか東線 新加美〜久宝寺
73%
JR学研都市線 徳庵〜鴻池新田
73%
大阪メトロ長堀鶴見緑地線 鶴見緑地〜門真南
63%
泉北高速鉄道線 深井〜泉ケ丘泉中央〜光明池
59%
No matching quizzes found
Score Distribution
Percent of People with Each Score
Percentile by Number Answered
Your Score History
You have not taken this quiz since the last reset